000 00348nam a2200133Ia 4500
008 231129s2004||||xx |||||||||||||| ||spa||
020 _a950-857-025-3
040 _bspa
082 _a658.1 N962
245 0 _aNuevas tendencias en marketing
260 _c2004
264 _aDeusto ; Planeta
942 _2ddc
_cBKS
999 _c21888
_d21888